01586nam a2200361 a 4500001001000000003000500010005001700015008004100032010001100073011001100084040000900095090001000104100004200114245019800156260004100354500006000395502007500455590004000530590004000570590004000610650002800650650004000678650004200718650003200760700004400792856007000836901000700906942001000913942000600923999001900929952014000948952013601088000112101CHAP20220329144246.0151203s2015 mx a fsm |||||||spa d a108562 a109534 cCHAP aTesis1 aFarias de los Santos, Alfredo913022110aNutrición, producción y composición de la leche de vacas holstein de la granja experimental de Chapingoh[En línea]cpor Alfredo Farías de los Santos y María de Lourdes Reyes Medel. aChapingo, Méx. :bEl autor,c2015. aPara ver el contenido del material haga clic en la liga aTesis (Ing. Agr. Esp. en Zootecnia) -- UACH. Departamento de Zootecnia aE5995AHEb05c20151203lUCH01h1058 aE5995AHEb05c20151203lUCH01h1058 aE5995AHEb05c20151203lUCH01h123614aGanado Holstein.94513314aGanado lecheroxNutrición.94528114aGanado vacunoxMéxico (Edo.)94549414aLechexProducción.9654001 aReyes Medel, María de Lourdes9130222 aFinding aiduhttp://10.13.5.2/tesis/sist112101.pdfzTeclea aquí aBK cTESIS n0 c108562d108562 00102local4053708TESISaBCbBCcPA_TESISd2015-12-03fTESISl0oTesisp33724002512512r2019-12-31 00:00:00tc.2w2019-12-31yTESIS 00104054718TESISaBCbBCd2015-12-03fTESISl0oTesisp33724002512553r2019-12-31 00:00:00w2019-12-31yTESISzRecien adquirido